000 006040000a22001930004500
001 768714001
003 CO-MdFUSB
005 20170614101700.0
008 170614b2008 cr ||||| |||| 00| 0 s d
040 _aCO-MdFUSB
_bspa
_cCO-MdFUSB
_dCO-MdFUSB
041 _aspa
100 1 _aStrange, Alan D.
_eautor
245 1 0 _aEl problema del mal.
300 _aVolumen 10. Número 2 (2008), Páginas 103-108
_c21 cm.
546 _aTexto en español
650 1 4 _aPECADO ORIGINAL
773 0 _tRevista Reforma Siglo 21
_049443
_960189
_gVolumen 10. Número 2 (2008), Páginas 103-108
_qPágina 103
942 _cANA
999 _c62985
_d62985